|
|
|
|
| LEADER |
00000nam0a2200000 4500 |
| 001 |
314206 |
| 005 |
20250603143212.0 |
| 035 |
|
|
|a (RuTPU)RU\TPU\book\339617
|
| 035 |
|
|
|a RU\TPU\book\294148
|
| 090 |
|
|
|a 314206
|
| 100 |
|
|
|a 20160210d1903 k y0rusy50 ca
|
| 101 |
0 |
|
|a rus
|
| 102 |
|
|
|a RU
|
| 105 |
|
|
|a f z 000zy
|
| 200 |
1 |
|
|a Ископаемые угли полуострова Муравьев-Амурский и прилегающих местностей
|e доклад в Музее Общества изучения Амурского края 28 марта 1903 года, Владивосток
|f А. М. Оссендовский
|
| 210 |
|
|
|a Владивосток
|c Типография Н. В. Ремезова
|d 1903
|
| 215 |
|
|
|a 18 с.
|c 2 л. табл.
|
| 225 |
1 |
|
|a Записки Общества изучения Амурского края
|v Том VIII, вып. 1
|
| 300 |
|
|
|a Печатано по распоряжению Комитета Общества изучения Амурского края
|
| 316 |
|
|
|5 63413507: 14495
|a На полях пометы карандашом
|
| 316 |
|
|
|5 63413507: 14495
|a На обложке владельческая подпись: «Ossendowski»
|
| 317 |
|
|
|5 63413507: 14495
|a Поступил в НТБ в 1915 г. в дар от лаборанта ТТИ А. М. Оссендовского (наст. имя Фердинанд Антоний Оссендовский)
|
| 606 |
1 |
|
|a Угли ископаемые
|x Исследование
|2 stltpush
|3 (RuTPU)RU\TPU\subj\62433
|9 79509
|
| 610 |
1 |
|
|a угольные месторождения
|
| 610 |
1 |
|
|a Дальний Восток
|
| 610 |
1 |
|
|a труды учёных ТПУ
|
| 610 |
1 |
|
|a владельческая подпись
|
| 610 |
1 |
|
|a Коллекция А. М. Оссендовского
|
| 675 |
|
|
|a 553.94.08
|v 3
|
| 700 |
|
1 |
|a Оссендовский
|b А. М.
|c польский писатель
|c горный инженер, геолог, химик
|c настоящее имя Фердинанд-Антоний
|f 1876-1945
|g Антоний Мартинович
|3 (RuTPU)RU\TPU\pers\18397
|9 6814
|
| 801 |
|
1 |
|a RU
|b 63413507
|c 20141002
|
| 801 |
|
2 |
|a RU
|b 63413507
|c 20170301
|g RCR
|
| 850 |
|
|
|a 63413507
|
| 942 |
|
|
|c BK
|